Statistics for MLB Knowledge Quiz (Hard)

Click here to take the quiz!

General Stats

  • This quiz has been taken 16 times
    (5 since last reset)
  • The average score is 13 of 36

Answer Stats

HintAnswer% Correct
How many 3 strikeout games did Tony Gwynn have in his 20 year career?1
100%
Who has the record for most homeruns in a single season?Barry Bonds
100%
Who was the first franchise to retire a jersey?New York Yankees
100%
Who is the only player who has appeared in a World Series game at both Wrigley Field and Comiskey Park in Chicago?Babe Ruth
80%
How many years do players need to be retired before being eligible for hall of fame induction?5
60%
Barry Bonds holds the record for most homeruns in a career, how many has he hit?762
60%
How many original MLB teams were there? (Between 1901-1960)8
60%
What position does the player above play?First base/1B
60%
What team was sanctioned for it’s sign stealing scandal during the 2017 and 2018 seasons?Houston Astros
60%
What Japanese player has the most career MLB hits?Ichiro Suzuki
60%
What team drafted Gerrit Cole #1 overall in the 2011 MLB draft?Pittsburgh Pirates
60%
How many stitches does a baseball have?108
40%
How many games did the team in the answer above win?116
40%
What batting average is the Mendoza Line?.200
40%
Of the sluggers with more than 600 career home runs, who is the only one to never win an MVP award?Jim Thome
40%
What team set the record for most wins in a season in 2001?Mariners
40%
Who manufactures official MLB baseballs?Rawlings
40%
What is the name of the wall in left field of Fenway Park?The Green Monster
40%
Name one of the four men who played in the postseason in the 1950s, 1960s, and 1970s?Willie Mays/Norm Cash/Stan Williams/Don McMahon
40%
What team besides the 1971 Orioles had four 20-game winners in a season?1920 White Sox
20%
How many cities have more than 1 MLB team?4
20%
How many seats does the stadium above have?56,000
20%
Who is known as "The Captain?"Derek Jeter
20%
What is the largest MLB Stadium by capacity?Dodger Stadium
20%
For whom was the first jersey retired for?Lou Gehrig
20%
Which State has produced the most Hall of Famers?New York
20%
Who is the only player in history to hit a walk-off-inside-the-park grand slam home run?Roberto Clemente
20%
Who was the last player to win the batting Triple Crown before Miguel Cabrera did so in 2012?Carl Yastrzemski
0%
Who was the first player to reach 100 career home runs?Harry Stovey
0%
Who is the only pitcher to win a 1-0 World Series complete game twice?Jeremy Sowers
0%
What pitcher threw 14 consecutive scoreless innings in All-Star competition?Juan Marichal
0%
Who was the last player before Jose Altuve to hit 5 home runs in the span of 2 games?Kyle Schwarber
0%
What player has the longest tenure with a single team? (There's two)Mel Ott/Stan Musial
0%
Who is the oldest player in AL/NL history with four or more hits in a game?Pete Rose
0%
Who was the youngest player to win MVP?Vida Blue
0%
Who holds the record for most consecutive stolen bases without getting caught?Vince Coleman
0%

Score Distribution

Percentile by Number Answered

Percent of People with Each Score

Your Score History

You have not taken this quiz since the last reset